=LDR 00000nam 2200000 4500 =001 INLIS000000000041148 =005 20130612150709 =008 ***********************************ind** =035 ##$$a0010-061300000041148 =041 ##$$a ind =082 ##$$a 741.3 =090 ##$$a 741.3, Tan w =100 ##$$a TANAKA, Ken =245 ##$$a Word's four great investors, Ken tanaka;Alih bahasa, Yenny hendrawati =260 ##$$a 2007 $b Jakarta =300 ##$$a 195 Hlm, 21 cm =650 ##$$a KOMIK - BACAAN INVESTASI =700 ##$$a HENDRAWATI, Yenny =850 ##$$a NBPNMAT =990 ##$$a 0001/BPAP-NTB/20142014 =990 ##$$a 0001/BPAP-NTB/20142014